Normal view
MARC view
- the United States Commission on Civil Rights
Entry Personal Name
001 - CONTROL NUMBER
- control field: 2880
003 - CONTROL NUMBER IDENTIFIER
- control field: JO-AjAnu
005 - DATE AND TIME OF LATEST TRANSACTION
- control field: 20230606070756.0
008 - FIXED-LENGTH DATA ELEMENTS
- fixed length control field: 230606|| aca||aabn | a|a d
040 ## - CATALOGING SOURCE
- Original cataloging agency: JO-AjAnu
- Transcribing agency: JO-AjAnu
100 ## - HEADING--PERSONAL NAME
- Personal name: the United States Commission on Civil Rights
670 ## - SOURCE DATA FOUND
- Source citation: Work cat.: (JO-AjAnu)1509: the United States Commission on Civil Rights, author, Battered women : issues of public policy : a consultation sponsored by the United States Commission on Civil Rights, Washington, D.C., January 30-31, 1978.